00425 a2200157 4500003000400000005001700004008004100021020001800062040000900080082001500089100003200104245006000136250001200196260004900208300001000257OSt20240119135146.0240119b |||||||| |||| 00| 0 eng d a9788182719361 coclc a297bKAR/Q a Karakunnu, Sheikh Mohammed aQuranile 25 Pravachakanmar /cShaikh Muhammed Karakunnu a5th ed. aKozhikode:bIslamic Publishing House,c2022. a256p.